Zásobovanie vodou rekreačného strediska v obci Divín

Uložené v:
Podrobná bibliografia
Hlavný autor: Molnár, Tomáš, 1984- (Autor)
Ďalší autori: Barloková, Danka, 1956- (Vedúci práce)
Médium: Rukopis Kniha
Jazyk:Slovak
Vydavateľské údaje: Bratislava : STU v Bratislave SvF, 2010
Predmet:
On-line prístup:VAIS
Tagy: Pridať tag
Žiadne tagy, Buďte prvý, kto otaguje tento záznam!

MARC

LEADER 00000ntm a22000003a 4500
001 stu217133
005 20150617230116.2
008 101123s2010----xo------------------slo-d
040 |a STU  |b slo 
041 0 |a slo 
044 |a xo 
100 1 |a Molnár, Tomáš,  |d 1984-  |4 aut  |u V280  |U SvF Stavebná fakulta  |T SvF Katedra zdravotného inžinierstva  |X 12427  |U V280  |Y 29  |7 A000012427 
242 0 0 |a Design of Water Supply for Recreational Area in the Village of Divín .  |y eng 
245 1 |a Zásobovanie vodou rekreačného strediska v obci Divín 
260 |a Bratislava :  |b STU v Bratislave SvF,  |c 2010 
650 7 |a vodné stavby a vodné hospodárstvo  |2 stusub 
650 7 |a Hydraulic and Water Resources Engineering  |2 estusub 
700 1 |a Barloková, Danka,  |d 1956-  |4 ths  |u V280  |U SvF Stavebná fakulta  |T SvF Katedra zdravotného inžinierstva  |X 1014  |U V280  |Y 29  |7 A000001014 
856 4 |a info a plný text  |u http://is.stuba.sk/zp/portal_zp.pl?podrobnosti=62578  |3 VAIS